ნორმალური ფორმატი
MARC ფორმატი
ჩანაწერი Corporate Name
ჩანაწერთა რაოდენობა, რომელიც გამოყენებულია: 1
001 - CONTROL NUMBER
- control field: 18587
003 - CONTROL NUMBER IDENTIFIER
- control field: GE_BSU
005 - DATE AND TIME OF LATEST TRANSACTION
- control field: 20230609122822.0
008 - FIXED-LENGTH DATA ELEMENTS
- fixed length control field: 230609|| aca||aabn | a|a d
040 ## - CATALOGING SOURCE
- Original cataloging agency: GE_BSU
- Transcribing agency: GE_BSU
110 ## - HEADING--CORPORATE NAME
- Corporate name or jurisdiction name as entry element: საქ. სსრ მეცნიერებათა აკადემია
- Subordinate unit: შოთა რუსთაველის სახელობის ქართული ლიტერატურის ისტორიის ინსტიტუტი
670 ## - SOURCE DATA FOUND
- Source citation: Work cat.: (GE_BSU)55861: გუგუშვული, მერი 18586, თეიმურაზ პირველი :
